| 000 | 00690nam a2200205 i 4500 | ||
|---|---|---|---|
| 001 | 93825 | ||
| 003 | ES-MaACL | ||
| 005 | 20230906181326.0 | ||
| 007 | t| | ||
| 008 | 050421s1972 sp ||||1| spa d | ||
| 100 | 1 |
_aLópez López, José Luis. _973733 |
|
| 245 | 1 | 3 |
_aEL mal en el pensamiento platónico / _cJosé Luis López López. |
| 260 |
_aSevilla : _bUniversidad, _c1972. |
||
| 300 |
_a173 p. ; _c24 cm. |
||
| 490 | 1 |
_aAnales de la Universidad Hispalense. Filosofía y Letras ; _v10 |
|
| 710 | 2 |
_aUniversidad de Sevilla. _97301 |
|
| 830 | 0 |
_aAnales de la Universidad Hispalense. Filosofía y Letras ; _v10 _9182759 |
|
| 852 |
_aES-MaACL _jC-42720 _bR.81556 |
||
| 999 |
_c93825 _d93825 |
||